000 01495nam a2200397 i 4500
001 197965
003 ES-MaACL
005 20251211185537.0
007 ta
008 251117s2025 sp ||||| |||| 000 pdspa d
017 _aGR 430-2025
_bOficina Depósito Legal Granada
020 _a9788412962222
_q(Obra completa)
020 _a978-84-129622-2-2
_qObra completa
020 _a978-84-129622-3-9
_qVolumen I
020 _a978-84-129622-4-6
_qVolumen II
020 _a978-84-129622-5-3
_qVolumen III
040 _aES-MaACL
_bspa
_cES-MaACL
_erda
080 _a821.134.2-14"19"
100 1 _aLadrón de Guevara, José G.,
_d1929-2019
_969447
_eaut
245 1 0 _aPoesías completas /
_cJosé G. Ladrón de Guevara ; edición de Antonio Chicharro
250 _aPrimera edición 2025
264 1 _aCiudad de La Alhambra [Granada] :
_bPuerta Granada,
_c2025
264 4 _c©2025
300 _a3 volúmenes (536,599,601 páginas) ;
_c22 cm
336 _atexto
_2rdacontent
337 _asin mediación
_2rdamedia
338 _avolumen
_2rdacarrier
504 _aIncluye referencias bibliográficas e índice
655 7 _2tgfbne
_9176539
_aPoesías
700 _aChicharro Chamorro, Antonio,
_d1951-
_eedt
_9242513
852 _aES-MaACL
_cDEPO1
_jA-15856-58
_xEncuadernación rústica con solapas
_9206975
942 _cMONOGRAFIA
_n0
999 _c197965
_d197965